000 00716nam a22002177a 4500
003 OSt
005 20250829070930.0
008 250829b |||||||| |||| 00| 0 eng d
020 _a 9789351380085
040 _aDWCL-Main lib
_cOC
082 _2Second edition
_aCirc. 332.6 K45i 2014
100 _aDhanesh Kumar Khatri
245 _a Investment management and security analysis:
_btext and cases
_cDhanesh Kumar Khatri
250 _a Second edition
260 _aNew Delhi
_b: Trinity,
_cc2014.
300 _a ix, 475 pages
_b illustrations ;
_c 24 cm.
504 _aIncludes glossary
650 _a1. Investment analysis.
650 _a2. Portfolio management.
942 _2ddc
_cBK-CIRC
_eSecond edition
_kCirc.
_n0
999 _c4354
_d4354